| 000 | 00843nam a2200217Ii 4500 | ||
|---|---|---|---|
| 003 | JO-AjNU | ||
| 008 | 230605s9999||||xx |||||||||||||| ||und|| | ||
| 017 | _a2009/7/3271 | ||
| 040 |
_aJO-AjNU _bara _erda _cJO-AjNU |
||
| 041 | _aara | ||
| 050 | 1 | 4 | _aHF5415.123. Z52 2010 |
| 100 | 3 |
_aالزعبي، علي فلاح, _eauthor _959266 |
|
| 245 | 0 | 0 | _aالأتصالات التسويقية: مدخل منهجي- تطبيقي= Marketing Communication |
| 250 | _aط1 | ||
| 264 | 3 | 1 | _aعمان: دار المسيرة للنشر والتوزيع، 2010 |
| 300 |
_a359ص _bيحتوي على ملاحق من ص339- 354 ويحتوي على مراجع من ص 355-359 |
||
| 336 |
_atext _btxt _2rdacontent |
||
| 337 |
_aunmediated _bn _2rdamedia |
||
| 338 |
_avolume _bnc _2rdacarrier |
||
| 650 | 4 |
_aالتسويق-إدارة المبيعات _959267 |
|
| 999 |
_aA26661 _c30229 _d30229 |
||